000 00351pab a2200145 454500
008 180718b2002 xxu||||| |||| 00| 0 eng d
100 _aGupta, K.N.
245 _aThe agony of child rape: suggestions to overcome
260 _c2002
300 _ap.53-61.
362 _aOct-Dec
650 _aChild abuse
773 _aPolice Journal
909 _a55845
999 _c55845
_d55845